000 00422nam a2200181Ia 4500
001 10564
005 20260306161841.0
008 260306t1981||||xx |||||||||||||| ||spa||
041 _aESP
082 _a940.28
_bP75
100 _aPoliakov, León
_eAUT
245 0 _aLa Europa suicida 1870 - 1933
260 _c1981
300 _a462 páginas :
_c21cm.
650 _aGEN
654 _aCHU
942 _cLIB
_dJUS
_fJUS
_2ddc
_n
999 _c10564
_d10564